<?xml version="1.0" encoding="UTF-8"?>
<record
    xmlns:xsi="http://www.w3.org/2001/XMLSchema-instance"
    xsi:schemaLocation="http://www.loc.gov/MARC21/slim http://www.loc.gov/standards/marcxml/schema/MARC21slim.xsd"
    xmlns="http://www.loc.gov/MARC21/slim">

  <leader>00724nam a22002537a 4500</leader>
  <controlfield tag="005">20170123162333.0</controlfield>
  <datafield tag="010" ind1=" " ind2=" ">
    <subfield code="a">696798</subfield>
  </datafield>
  <datafield tag="020" ind1=" " ind2=" ">
    <subfield code="c">10.00</subfield>
  </datafield>
  <datafield tag="035" ind1=" " ind2=" ">
    <subfield code="a">696798</subfield>
  </datafield>
  <datafield tag="037" ind1=" " ind2=" ">
    <subfield code="b">Cen Lib/Ret</subfield>
  </datafield>
  <datafield tag="040" ind1=" " ind2=" ">
    <subfield code="a">DPL</subfield>
    <subfield code="b">UR</subfield>
  </datafield>
  <datafield tag="082" ind1=" " ind2=" ">
    <subfield code="a">&#x646; </subfield>
    <subfield code="b">&#x632; &#x628; &#x6CC; </subfield>
  </datafield>
  <datafield tag="100" ind1=" " ind2=" ">
    <subfield code="a">&#x632;&#x628;&#x6CC;&#x62F;&#x6C1; &#x633;&#x644;&#x637;&#x627;&#x646;&#x6C1;</subfield>
    <subfield code="9">14097</subfield>
  </datafield>
  <datafield tag="245" ind1=" " ind2=" ">
    <subfield code="a">&#x645;&#x6C1;&#x644;&#x627;&#x642;&#x627; /</subfield>
    <subfield code="c">&#x632;&#x628;&#x6CC;&#x62F;&#x6C1; &#x633;&#x644;&#x637;&#x627;&#x646;&#x6C1;</subfield>
  </datafield>
  <datafield tag="246" ind1=" " ind2=" ">
    <subfield code="a">Mahlaqa /</subfield>
    <subfield code="b">by Zubeda Sulatana </subfield>
  </datafield>
  <datafield tag="260" ind1=" " ind2=" ">
    <subfield code="b">&#x622;&#x63A;&#x6C1; &#x628;&#x6A9; &#x688;&#x6CC;&#x67E;&#x648; </subfield>
    <subfield code="c">1972</subfield>
    <subfield code="a">&#x644;&#x6A9;&#x6BE;&#x646;&#x648;&#x648; </subfield>
  </datafield>
  <datafield tag="270" ind1=" " ind2=" ">
    <subfield code="b">&#x644;&#x6A9;&#x6BE;&#x646;&#x648;&#x648; </subfield>
  </datafield>
  <datafield tag="300" ind1=" " ind2=" ">
    <subfield code="a">381p.</subfield>
    <subfield code="c">18cm(Hb)</subfield>
  </datafield>
  <datafield tag="650" ind1=" " ind2=" ">
    <subfield code="a">&#x627;&#x62F;&#x628; -- &#x627;&#x631;&#x62F;&#x648;       </subfield>
    <subfield code="9">122770</subfield>
  </datafield>
  <datafield tag="650" ind1=" " ind2=" ">
    <subfield code="a">&#x627;&#x631;&#x62F;&#x648;&#x646;&#x627;&#x648;&#x644;   </subfield>
    <subfield code="9">122771</subfield>
  </datafield>
  <datafield tag="650" ind1=" " ind2=" ">
    <subfield code="a">Literature -- Urdu</subfield>
    <subfield code="9">122772</subfield>
  </datafield>
  <datafield tag="650" ind1=" " ind2=" ">
    <subfield code="a">Urdu novel</subfield>
    <subfield code="9">122773</subfield>
  </datafield>
  <datafield tag="942" ind1=" " ind2=" ">
    <subfield code="2">ddc</subfield>
    <subfield code="c">UR</subfield>
    <subfield code="h">&#x646; </subfield>
    <subfield code="m">&#x632; &#x628; &#x6CC; </subfield>
  </datafield>
  <datafield tag="999" ind1=" " ind2=" ">
    <subfield code="c">107950</subfield>
    <subfield code="d">107950</subfield>
  </datafield>
  <datafield tag="952" ind1=" " ind2=" ">
    <subfield code="0">1</subfield>
    <subfield code="1">0</subfield>
    <subfield code="4">0</subfield>
    <subfield code="7">0</subfield>
    <subfield code="a">L</subfield>
    <subfield code="b">L</subfield>
    <subfield code="d">2016-01-13</subfield>
    <subfield code="e">Cen Lib/Ret</subfield>
    <subfield code="g">10.00</subfield>
    <subfield code="l">1</subfield>
    <subfield code="o">&#x646;  &#x632; &#x628; &#x6CC;</subfield>
    <subfield code="p">696798</subfield>
    <subfield code="r">2017-10-20 00:00:00</subfield>
    <subfield code="s">2017-10-04</subfield>
    <subfield code="t">1</subfield>
    <subfield code="v">10.00</subfield>
    <subfield code="w">2016-01-13</subfield>
    <subfield code="y">UR</subfield>
  </datafield>
</record>
